[Event "CZE-chT2D 2223"]
[Site "Czech Republic"]
[Date "2022.11.06"]
[Round "2.4"]
[White "Hrobar, Vlastimil"]
[Black "Varejcko, Josef"]
[Result "1/2-1/2"]
[WhiteElo "1976"]
[BlackElo "2201"]
[PlyCount "126"]
[EventDate "2022.10.16"]
[EventType "team-tourn"]
[EventRounds "11"]
[EventCountry "CZE"]
[SourceTitle "EXT 2024"]
[Source "ChessBase"]
[SourceDate "2023.10.10"]
[SourceVersion "1"]
[SourceVersionDate "2023.10.10"]
[SourceQuality "1"]
[WhiteTeam "Usti nad Orlici"]
[BlackTeam "Polabiny IV"]
[WhiteTeamCountry "CZE"]
[BlackTeamCountry "CZE"]

1. e4 c5 2. Nf3 e6 3. Nc3 Nc6 4. Bb5 Nd4 5. 0-0 a6 6. Bd3 d6 7. b3 Nf6 8. a4 Be7 9. Bb2 b6 10. e5 dxe5 11. Nxe5 Bb7 12. Re1 0-0 13. Ne4 Nxe4 14. Bxe4 Bxe4 15. Rxe4 Qd5 16. d3 f5 17. Re1 f4 18. c4 Qd6 19. Bxd4 Qxd4 20. Nc6 Qd6 21. Nxe7+ Qxe7 22. d4 f3 23. g3 Rad8 24. d5 e5 25. Re4 Rd6 26. Qd3 Rh6 27. Rg4 Qd7 28. Qe4 Rf5 29. h4 Rhf6 30. Kh2 h6 31. Re1 g5 32. Qe3 Kf7 33. Re4 gxh4 34. Rxh4 Rg5 35. Qxg5 hxg5 36. Rh7+ Ke8 37. Rxe5+ Kd8 38. Rxd7+ Kxd7 39. Rxg5 b5 40. axb5 axb5 41. Rg4 Rh6+ 42. Rh4 Ra6 43. Rf4 Ra3 44. Rf7+ Kd8 45. g4 Rxb3 46. cxb5 Rxb5 47. Kg3 c4 48. Kxf3 Rxd5 49. Rf4 Rc5 50. Ke2 c3 51. Kd1 c2+ 52. Kc1 Ke7 53. Re4+ Kf6 54. Re2 Kg5 55. f3 Rc3 56. Rf2 Kf4 57. Rf1 Rc7 58. Kd2 Rc6 59. Kc1 Rc7 60. Rf2 Rc3 61. Rxc2 Rxf3 62. Rc4+ Kg5 63. Kd2 Rg3 1/2-1/2

[Event "CZE-chT2D 1617"]
[Site "Czech Republic"]
[Date "2016.11.27"]
[Round "4.8"]
[White "Lipavsky, Dusan"]
[Black "Hrobar, Vlastimil"]
[Result "0-1"]
[WhiteElo "1974"]
[BlackElo "2001"]
[PlyCount "80"]
[EventDate "2016.10.09"]
[EventType "team-tourn"]
[EventRounds "11"]
[EventCountry "CZE"]
[SourceTitle "EXT 2022"]
[Source "ChessBase"]
[SourceDate "2021.10.06"]
[SourceVersion "1"]
[SourceVersionDate "2021.10.06"]
[SourceQuality "1"]
[WhiteTeam "Vysoke Myto"]
[BlackTeam "Usti nad Orlici"]
[WhiteTeamCountry "CZE"]
[BlackTeamCountry "CZE"]

1. e4 c6 2. d4 d5 3. exd5 cxd5 4. Bd3 Nc6 5. c3 Qc7 6. h3 Nf6 7. Nf3 g6 8. Bg5 Bg7 9. Qb3 Be6 10. Nbd2 0-0 11. 0-0 a6 12. Rfe1 b5 13. a3 Ne4 14. Be3 Na5 15. Qc2 f5 16. Nf1 h6 17. N3h2 Bf7 18. f3 Ng5 19. f4 Ne4 20. Nf3 Nc4 21. Bc1 Rfc8 22. Ne5 Rab8 23. Nd2 Nxe5 24. fxe5 Qb6 25. Kh2 a5 26. Nxe4 dxe4 27. Bxe4 fxe4 28. Qxe4 Qc6 29. Qxc6 Rxc6 30. Rf1 Bc4 31. Rf2 a4 32. Be3 Rcc8 33. Kg3 Rf8 34. Rd1 Rbd8 35. Rdd2 Rxf2 36. Rxf2 Rf8 37. Rxf8+ Kxf8 38. h4 Kf7 39. Kf4 Ke6 40. Ke4 Bd5+ 0-1